Central Library OPAC University of Rajshahi

উনিশ শতকে পূর্ববঙ্গে গরিবদের জীবন / (Record no. 36731)

MARC details
000 -LEADER
fixed length control field 01491nam a22002657a 4500
001 - CONTROL NUMBER
control field 36731
003 - CONTROL NUMBER IDENTIFIER
rucl marc code BD-RjUL
005 - DATE AND TIME OF LATEST TRANSACTION
control field 20211209052529.0
008 - FIXED-LENGTH DATA ELEMENTS--GENERAL INFORMATION
fixed length control field 140825s2012 bg a|||| |||| 001 0 ben d
020 ## - INTERNATIONAL STANDARD BOOK NUMBER
International Standard Book Number 9847010505436
035 ## - SYSTEM CONTROL NUMBER
System control number (BD-RjUL)36833
040 ## - CATALOGING SOURCE
Original cataloging agency BD-RjUL
Language of cataloging ben
Transcribing agency BD-RjUL
Modifying agency BD-RjUL
041 ## - LANGUAGE CODE
Language code of text/sound track or separate title ben
082 ## - DEWEY DECIMAL CLASSIFICATION NUMBER
Classification number 305.569095492
Author mark and year UNI 2012
245 ## - TITLE STATEMENT
Title উনিশ শতকে পূর্ববঙ্গে গরিবদের জীবন /
Statement of responsibility, etc. সংকলন, সম্পাদনা ও ভুমিকা : মুনতাসীর মামুন, মাহবুবর রহমান ; সংকলিত রিপোটের অনুবাদ সুযশ ভট্টাচার্য
260 ## - PUBLICATION, DISTRIBUTION, ETC. (IMPRINT)
Place of publication, distribution, etc. ঢাকা :
Name of publisher, distributor, etc. অনন্যা,
Date of publication, distribution, etc. ২০১২
300 ## - PHYSICAL DESCRIPTION
Pagination ৩০৪ পৃ. ;
Size ২২ সেমি.
504 ## - BIBLIOGRAPHY, ETC. NOTE
Bibliography, etc নির্ঘন্ট সংযুক্ত
650 ## - SUBJECT ADDED ENTRY--TOPICAL TERM
Topical term or geographic name as entry element গরীব
Form subdivision সামাজিক অবস্থা
Chronological subdivision ১৯ শতক
Geographic subdivision বাংলাদেশ
9 (RLIN) 112038
Topical term or geographic name as entry element Rural poor
Form subdivision Social conditions
Chronological subdivision 19th century
Geographic subdivision Bangladesh
9 (RLIN) 112039
700 ## - ADDED ENTRY--PERSONAL NAME
Personal name মামুন, মুনতাসীর, সংকলক, সম্পাদক ও ভুমিকার
Personal name রহমান, মাহবুবর, যুগ্ম সংকলক, সম্পাদক ও ভুমিকার
Personal name ভট্টাচার্য, সুযশ, অনুবাদক
942 ## - ADDED ENTRY ELEMENTS (KOHA)
Source of classification or shelving scheme Dewey Decimal Classification
Koha item type Books
Holdings
Lost status Source of classification or shelving scheme Damaged status Not for loan Collection code Permanent Location Current Location Shelving location Date acquired Source of acquisition Cost, normal purchase price Total Checkouts Full call number Date last seen Copy number Koha item type Date checked out
  Dewey Decimal Classification     Non-fiction Central Library, University of Rajshahi Central Library, University of Rajshahi   19/07/2012 Author 400.00   B 305.569095492 UNI 2012 25/08/2014 C-5 Books  
  Dewey Decimal Classification     Non-fiction Central Library, University of Rajshahi Central Library, University of Rajshahi   19/07/2012 Author 400.00   B 305.569095492 UNI 2012 25/08/2014 C-4 Books  
  Dewey Decimal Classification     Non-fiction Central Library, University of Rajshahi Central Library, University of Rajshahi   19/07/2012 Author, Rajshahi 400.00   B 305.569095492 UNI 2012 14/07/2016 C-2 Books  
  Dewey Decimal Classification   Not For Loan Non-fiction Central Library, University of Rajshahi Central Library, University of Rajshahi Reading Room 19/07/2012 Author 400.00   B 305.569095492 UNI 2012 01/03/2017 C-1 Books  
  Dewey Decimal Classification     Non-fiction Central Library, University of Rajshahi Central Library, University of Rajshahi   19/07/2012 Rajshahi, Author 400.00 1 B 305.569095492 UNI 2012 20/01/2020 C-3 Books 24/12/2019